| 000 | 01187nam a2200241 a 4500 | ||
|---|---|---|---|
| 001 | 000038971 | ||
| 005 | 20201002031437.0 | ||
| 008 | 130509s1957 dr 000 0 spa d | ||
| 040 |
_aDO-SdBNP _bspa _cBNPHU |
||
| 082 |
_a345.729305 _bT231e, 1957 |
||
| 100 | 1 |
_aTavares, F. _q(Froilán) _d1892-1955 _936185 |
|
| 245 | 1 | 0 |
_aElementos de derecho procesal civil dominicano / _cF. Tavares Hijo. |
| 250 | _a3a. ed. | ||
| 260 |
_aCiudad Trujillo, República Dominicana : _bLibrería Dominicana, _c1957. |
||
| 300 |
_av. ; _c23 cm. |
||
| 500 | _aIncluye referencias bibliográficas y notas al pie de las páginas | ||
| 505 | 0 |
_gv. 1-2. _tLa norma jurídica procesal -- _tOrganización judicial -- _tActos y plazos procesales -- _tLa acción en justicia -- _tLa competencia -- _tEl proceso -- _tLa sentencia -- _av.3-4. _tLos recursos -- _tLos procedimientos ejecutorios -- _tProcedimientos de repartición -- |
|
| 590 | _aInventariado, 2018/BT | ||
| 650 | 4 |
_aDerecho penal _xLegislación _zRepública Dominicana _916570 |
|
| 650 | 4 |
_aProcedimiento penal _xLegislación _zRepública Dominicana _916571 |
|
| 650 | 4 |
_aDerecho civil _xRepública dominicana _965223 |
|
| 910 | _aValidado. Control de calidad MFF | ||
| 999 |
_c38461 _d38461 |
||